Zpráva o 9. společné schůzi Sněmovny lidu a Sněmovny národů 6. volební období. 26.11.-7.12.1990. Část 3

Salvato in:
Dettagli Bibliografici
Natura: Libro
Lingua:ceco
Pubblicazione: Praha Federální shromáždění ČSFR 1990
Tags: Aggiungi Tag
Nessun Tag, puoi essere il primo ad aggiungerne!!

MARC

LEADER 00000nam a2200000 4500
001 c031743
005 20250606091748.0
041 0 |a cze 
044 |a CZ 
245 1 0 |a Zpráva o 9. společné schůzi Sněmovny lidu a Sněmovny národů  |b 6. volební období. 26.11.-7.12.1990. Část 3 
264 1 |a Praha  |b Federální shromáždění ČSFR  |c 1990 
300 |a S.377-613